| 000 | 00954nam a22003257a 4500 | ||
|---|---|---|---|
| 003 | CHAP | ||
| 005 | 20220817042136.0 | ||
| 008 | 971013s1983 r 00010 d | ||
| 010 | _a35917 | ||
| 011 | _a36889 | ||
| 035 | _a41008 | ||
| 040 | _cCHAP | ||
| 082 |
_a332.71 _bF34 1983 |
||
| 110 | _aFAO | ||
| 245 | _aCrédito agrícola | ||
| 250 | _aEd. rev. | ||
| 260 |
_aRoma : _b(FAO), _c1983 |
||
| 300 | _a371 p. | ||
| 490 |
_aBoletín de terminología _v; 32 |
||
| 590 |
_aBATCH-UPD _b10 _c20130110 _lUCH01 _h0223 |
||
| 590 |
_aBATCH-UPD _b10 _c20130110 _lUCH01 _h1353 |
||
| 590 |
_aBATCH-UPD _b10 _c20130409 _lUCH01 _h2244 |
||
| 590 |
_aBATCH-UPD _b10 _c20130914 _lUCH01 _h0652 |
||
| 590 |
_aCONVERSION _b10 _c20130109 _lUCH01 _h1320 |
||
| 650 | 1 | 4 |
_aCrédito agrícola _xTerminología. _929082 |
| 830 | 0 |
_aBoletín de terminología _v; 32 _913539 |
|
| 901 | _aBK | ||
| 942 | _cLIBRO | ||
| 949 |
_a332.71 F34 1983 _bBC _cFAO _d-93890 _eFAO1 _h60885 _i41008 _si |
||
| 999 |
_c35917 _d35917 |
||